club de football avec un surnom #1 - Statistiques

Statistiques générales
  • Ce quiz a été pris 494 fois
  • Le résultat moyen est 14 sur 15
Statistiques - réponses
surnoms equipes % Correct
Le PSG Paris saint germain
99%
les Citizens Manchester city
98%
Le BVB Borussia dortmund
97%
Les Blues Chelsea
97%
les Reds devils Manchester United
97%
Les Gunners Arsenal
96%
Les Merengues Real madrid
96%
Les Spurs Tottenham
96%
Les Blaugranas FC Barcelone
95%
Les Reds Liverpool
95%
Les Rossoneri AC milan
93%
La Vieille Dame Juventus
93%
Les Nerazzuri Inter milan
89%
Les Colchoneros atletico Madrid
88%
Die Roten Bayern munich
79%
Aucun quiz correspondant
Distribution des résultats
% des personnes avec chaque résultat
Percentile par nombre de réponses
Votre historique - résultats
Vous n’avez pas pris ce quiz